000 00266nam a2200085Ia 4500
008 160531s9999 xx 000 0 und d
245 _aSome Drugs and Herbal Products
260 _c2016
856 _uhttp://www.ncbi.nlm.nih.gov/books/NBK350406/pdf/Bookshelf_NBK350406.pdf
999 _c295309
_d295309